|
|
|
|
| LEADER |
00833nam a2200193Ia 4500 |
| 001 |
CTU_138091 |
| 008 |
210402s9999 xx 000 0 und d |
| 082 |
|
|
|a 660.0682
|
| 082 |
|
|
|b T772
|
| 245 |
|
0 |
|a Transforming sustainability strategy into action :
|
| 245 |
|
4 |
|b The chemical industry
|
| 245 |
|
0 |
|c Edited by Beth Beloff, Marianne Lines, Dicksen Tanzil
|
| 260 |
|
|
|a Hoboken, N.J.
|
| 260 |
|
|
|b Wiley-Interscience
|
| 260 |
|
|
|c 2005
|
| 650 |
|
|
|a Chemical industry,Sustainable development,Industrial management,Quản lý công nghiệp,Công nghiệp hóa học,Phát triển bền vững
|
| 650 |
|
|
|x Environmental aspects,Environmental aspects,Ảnh hưởng môi trường,Ảnh hưởng môi trường
|
| 904 |
|
|
|i Trọng Hiếu
|
| 980 |
|
|
|a Trung tâm Học liệu Trường Đại học Cần Thơ
|